Průvodce MS-Windows 3.0

Saved in:
Bibliographic Details
Main Author: Pokorný, Jan
Format: Book
Language:Czech
Published: Praha Plus 1991
Edition:1. vyd.
Subjects:
Tags: Add Tag
No Tags, Be the first to tag this record!

MARC

LEADER 00000nam a2200000 4500
001 c001232
005 20221214094711.8
020 |a 80-85297-16-7 
041 0 |a cze 
044 |a CZ 
245 1 0 |a Průvodce MS-Windows 3.0  |c Jan Pokorný 
250 |a 1. vyd. 
264 1 |a Praha  |b Plus  |c 1991 
300 |a 415 s. 
610 2 0 |a Windows 
610 2 0 |a programy počítačové 
610 2 0 |a softvér 
610 2 0 |a spracovanie dát 
610 2 0 |a grafika počítačová 
610 2 0 |a programy riadiace 
610 2 0 |a hardvér 
100 1 |a Pokorný, Jan